01249nam a2200265Ia 4500001000600000003000900006008004100015040001300056040001300069041001300082100001100095100002900106245005500135245005500190250001100245260001000256260000900266260004900275300005500324500047900379650004300858650003100901700002200932700002900954H3516IT-RoPAU130308s9999 xx 000 0 und d aIT-RoPAU cIT-RoPAU aFRANCESE aAA.VV. gCodice Aut. SPICS: 12000 aOies du capitole ou les raisons de la rumeur (Les) bOies Du capitole Ou Les raisons de la rumeur (Les) a1a ed. aPARIS bCNRS c1999 [1° Ed.:1999 - Ed.Ling.Originale:1999] a"28 p. (prefazione: no ; testo: 28 [pagine: 0-0])" a"Le Oche del Campidoglio o le ragioni della Diceria. contributi di Autori vari Divisi in Due Parti: Diceria, Politica e Cultura; Diceria, Linguaggio Everità. Introduzione e Conclusione Generale della Curatrice del Volume F.Reumaux: Diceria e Scienze Umane; una Realtà da Scoprire; per una Storicità della Diceria; Incidenze delle Attese e dei Saperi Comuni; del vero e del Falso; Narratività e Discorsività. Biliografia Generale. Note Sugli Autori dei Contributi." aSOCIOLOGIA DELLA COMUNICAZIONE SOCIALE eCodice materia Spics: 3806 aReumaux Francoise gCodice Aut. SPICS: 30136